000 00341nam a22001457a 4500
008 221012b ||||| |||| 00| 0 eng d
020 _a9781416040446
041 _aeng
080 _26TH EDITION
_a616.053
082 _a616.053
100 _a14.2
101 _aPEDI
245 _aPEDIATRIC INFECTIOUS DISESAES
_cCHERRY F
942 _2udc
_cBK
999 _c58534
_d58534